Ο ελληνισμός Δοϊράνης και ο επίσκοπος Πολυανής Φώτιος Παγιώτας 1907-1928

Αποθηκεύτηκε σε:
Λεπτομέρειες βιβλιογραφικής εγγραφής
Κύριος συγγραφέας: Αγγελόπουλος, Αθανάσιος Α., 1940-
Μορφή: Βιβλίο
Γλώσσα:Greek
Δημοσίευση: Θεσσαλονίκη : Α.Π.Θ. ; 1980.
Θέματα:
Ετικέτες: Προσθήκη ετικέτας
Δεν υπάρχουν, Καταχωρήστε ετικέτα πρώτοι!

MARC

LEADER 00000cam a2200000 a 4500
001 1/121385
008 200519s1980####gr |||||||||||||| ||gre||
040 |a GR-MyUa  |b gre  |c GR-MyUa  |e AACR2 
041 0 |a gre 
082 7 |a 938.664  |2 (23) 
100 1 |a Αγγελόπουλος, Αθανάσιος Α.,   |d 1940- 
245 1 2 |a Ο ελληνισμός Δοϊράνης και ο επίσκοπος Πολυανής Φώτιος Παγιώτας 1907-1928   |h [ανάτυπο] /   |c Αθανασίου Αγγελόπουλου.  
260 |a Θεσσαλονίκη :   |b Α.Π.Θ. ;   |c 1980.  
300 |a 50 σ. ;   |c 24 εκ.  
500 |a Αριστοτέλειο Πανεπιστήμιο Θεσσαλονίκης. Επιστημονική Επετηρίδα Θεολογικής Σχολής . Τόμος 25, Ανάτυπο. 
651 0 |a Doiran, Lake Region (North Macedonia and Greece)   |x History  |y 20th century. 
650 0 |a Ethnic conflict   |z Balkan Peninsula   |x History  |y 20th century. 
600 1 0 |2 nlgaf  |a Φώτιος Παγιώτας  |c Επίσκοπος Πολυανής  |d  1870-1928 . 
852 |a INST  |b LESVOS  |e 20200519  |h 938.664 ΑΓΓ  |p 005100062433  |q 005100062433  |t BK  |y 0 
920 |a Τμήμα Κοινωνικής Ανθρωπολογίας και Ιστορίας  |y Λέσβος  |z 2003-04 
970 |a Καμάτσου  |b Δέσποινα  |z 19-05-2020